000 00963nam a22002535i 4500
001 67142
003 ES-MaACL
005 20250806062532.0
007 t|
008 910927s1989 sp ||||0| spa d
020 _a84-7812-055-6
040 _aM-BN
_bspa
_cM-BN
080 _a7.035(460)
100 1 _aAzcárate Ristori, José María de.
_924256
245 1 0 _aPanorama del arte español a mediados del siglo XVIII /
_cpor José María de Azcárate.
260 _aMadrid :
_bAyuntamiento de Madrid, Area de Cultura, Educación, Juventud y Deportes :
_bInstituto de Estudios Madrileños,
_c1989.
300 _a20 cm ;
_c22 cm.
490 1 _aCiclo de conferencias: El Madrid de Carlos III ;
_v18
650 1 4 _aArte español-
_yS.XVIII.
_910201
710 2 _aInstituto de Estudios Madrileños
_94916
830 0 0 _aCiclo de conferencias: El Madrid de Carlos III
_v18
_9180033
852 _aES-MaACL
_j2172-F-19
_bR.117277
999 _c67142
_d67142